000
00261nam a2200109Ia 4500
008
200302s9999 xx 000 0 und d
100
_a
David Robson
245
_a
Anjalendran Architect of sri lanka
260
_b
Tuttle Publishing
260
_c
2009
300
_a
240
999
_c
7319
_d
7319